Music Speed-Picking Quiz Stats

 Plays Quiz Updated May 3, 2019

Score 0/50 Timer 02:00
7 Plays Today
% Correct
Abbey Road
89.1%
Yellow Submarine
89%
A Whole New World
86%
Ludwig van Beethoven
85.3%
Clarinet
84.5%
Flute
84%
Allegro
83.5%
Trombone
83.2%
Franz Schubert
82.6%
Viola
82.6%
Johannes Brahms
80.8%
Circle of Life
80.8%
Let It Be
80.4%
Gioachino Rossini
80.4%
Niccolò Paganini
77.3%
Adagio
77.3%
Whistle While You Work
76%
Be Our Guest
75.9%
Bruce Springsteen
75.4%
Billy Joel
75.3%
Andante
73.3%
Let It Go
71.5%
Madonna
70.4%
Help!
68.9%
Moderato
67.5%
% Correct
Fa
66.3%
La
65.9%
Beat It
64.8%
Mi
64.7%
Neil Diamond
64.3%
Do
64.2%
Prestissimo
63.4%
Re
63.3%
Billie Jean
62.4%
Man in the Mirror
59.5%
Bad
58.5%
Revolver
57.4%
Prince
53.3%
Celesta
47.8%
Hey Ya!
47.1%
In Da Club
46.1%
Eminem
45.7%
Drake
44.7%
50 Cent
44.1%
Snoop Dogg
43.7%
Rock With You
43.6%
You're Beautiful
43.1%
Nicki Minaj
40.6%
Womanizer
38.4%
Complicated
37.2%

You're not logged in!

Compare scores with friends on all Sporcle quizzes.
OR
Log In

Sporcle TV

Today on Sporcle TV


Watch our educational content, quiz creation guides, and fun videos on Sporcle TV.

Show Comments

Extras

Top Quizzes Today


Score Distribution

Your Account Isn't Verified!

In order to create a playlist on Sporcle, you need to verify the email address you used during registration. Go to your Sporcle Settings to finish the process.

Report this User

Report this user for behavior that violates our Community Guidelines.

Details: